Central Library OPAC University of Rajshahi

A Study in Social Identiy as a Function of Cross-Category Membership in Certain Ethnic Groups in Bangladesh / (Record no. 79314)

MARC details
000 -LEADER
fixed length control field 01043nam a2200265 a 4500
001 - CONTROL NUMBER
RUCL Control Number 79314
003 - CONTROL NUMBER IDENTIFIER
rucl marc code BD-RjUL
005 - DATE AND TIME OF LATEST TRANSACTION
control field 20220418141627.0
008 - FIXED-LENGTH DATA ELEMENTS--GENERAL INFORMATION
fixed length control field 220203s2005 eng||||| m||| 00| 0 eng d
035 ## - SYSTEM CONTROL NUMBER
system control number (BD-RjUL)79314
040 ## - CATALOGING SOURCE
Original cataloging agency BD-RjUL
Language of cataloging eng
Modifying agency BD-RjUL
041 ## - LANGUAGE CODE
Language code of Book eng
082 ## - DEWEY DECIMAL CLASSIFICATION NUMBER
Classification number 155.82
Author mark and Year LIA 2005
DDC Edition number 23
100 ## - MAIN ENTRY--PERSONAL NAME
Personal name Liza, Mst. Mahfuza Nasrin
9 (RLIN) 1098
245 ## - TITLE STATEMENT
Title A Study in Social Identiy as a Function of Cross-Category Membership in Certain Ethnic Groups in Bangladesh /<br/>
Statement of responsibility, etc by Mst. Mahfuza Nasrin Liza ;
Name of Supervisor/Co-Supervisor Supervisor: M. Mozammel Huq
260 ## - PUBLICATION, DISTRIBUTION, ETC. (IMPRINT)
Place of publication, distribution, etc Rajshahi :
Name of publisher, distributor, etc Department of Psychology, University Of Rajshahi,
Date of publication, distribution, etc 2005
300 ## - PHYSICAL DESCRIPTION
Pagination [1], xix, 175 leaves ;
Dimensions 29 cm.
502 ## - DISSERTATION NOTE
Dissertation note Thesis (Ph. D.) -- Department Of Psychology, University of Rajshahi, 2005
504 ## - BIBLIOGRAPHY, ETC. NOTE
Bibliography, etc References : Leaves [157]-174
650 ## - SUBJECT ADDED ENTRY--TOPICAL TERM
Topical term or geographic name as entry element Ethnopsychology
General subdivision Social aspects
9 (RLIN) 1099
Topical term or geographic name as entry element Identity (Psychology)
General subdivision Social aspects
9 (RLIN) 1100
Topical term or geographic name as entry element Social psychology
9 (RLIN) 1101
700 ## - ADDED ENTRY--SUPERVISOR/CO-SUPERVISOR NAME
Personal name Huq, M. Mozammel, Supervisor
9 (RLIN) 1102
942 ## - ADDED ENTRY ELEMENTS (KOHA)
Source of classification or shelving scheme Dewey Decimal Classification
Koha item type Theses
Holdings
Source of classification or shelving scheme Damaged status Not for loan Collection code Permanent Location Current Location Shelving location Date of accession Source of acquisition Total Checkouts Full call number Barcode Date last seen Copy number Thesis
Dewey Decimal Classification   Not For Loan Theses Central Library, University of Rajshahi Central Library, University of Rajshahi Documentation Section 13/02/2007 Controller of Exam. R.U.   THE 155.82 LIA 2005 D2580 03/02/2022 C-1 Theses